000 00240nmm a2200085Ia 4500
008 220120s9999||||xx |||||||||||||||||und||
100 _aPC QUEST
_910676
245 0 _aDeath track - Demo ; PCQ archieves JAN 2005-Sep. 2008 , raci
260 _c2008
999 _c139232
_d139232